| 000 | 00929nam a22002415i 4500 | ||
|---|---|---|---|
| 001 | 157784 | ||
| 003 | ES-MaACL | ||
| 005 | 20250809062559.0 | ||
| 008 | 990215s1887 fr |||| | fre d | ||
| 040 |
_aCCPB | B _bspa _cCCPB | B |
||
| 100 | 1 |
_aLioy, Diodato. _9128970 |
|
| 245 | 1 | 3 |
_aLa philosophie du droit / _cpar Diodato Lioy ; traduit de l´italien avec l´autorisation de l´auteur par Louis Durand et précédé d´une préface par Louis Durand y Jean Terrel. |
| 260 |
_aParis : _bChevalier-Marescq et C\pie\s, _c1887. |
||
| 300 |
_aCXXXVI, 587 p. ; _c23 cm. |
||
| 597 | 1 | _aAntep. | |
| 650 | 4 |
_aDerecho- _xFilosofía _911620 |
|
| 700 | 1 | 1 |
_aDurand, Louis, _etrad. _946255 |
| 700 | 1 | 1 |
_aTerrel, Jean, _epr. _9133187 |
| 752 |
_aFrancia - _dParís |
||
| 852 |
_aES-MaACL _jF-10233 _z-- Enc. pasta española _x-- Edic.: El imp. es: Havre : Imprimerie du Commerce |
||
| 999 |
_c157784 _d157784 |
||